00000000nam 2200000zi 4500
0019.937054
003CaOODSP
00520250414090323
006m     o  d f      
007cr c||||||||||
008240418t20242024oncao   o    f000 0 eng d
020 |a9780660714622
040 |aCaOODSP|beng|erda|cCaOODSP
043 |an-cn---
0861 |aPH4-203/2024E-PDF
24504|aThe biodigital convergence : |bcross-cutting policy implications.
264 1|a[Ottawa] : |bPolicy Horizons Canada = Horizons de politiques Canada, |c[2024].
264 4|c©2024
300 |a1 online resource (27 pages) : |billustrations, photographs
336 |atext|btxt|2rdacontent
337 |acomputer|bc|2rdamedia
338 |aonline resource|bcr|2rdacarrier
500 |aCover title.
500 |aAt head of title : Economic futures.
500 |aIssued also in French under title: La convergence bionumérique : conséquences politiques transversales.
520 |a"Biological and digital systems are coming together in profound ways, creating a new domain called the biodigital convergence. Digital technology and living things are increasingly able to communicate and interact with each other. Digital technology can be embedded into living organisms, and biological components can be incorporated into new technologies"--Introduction, page 06.
650 0|aBiotechnology|zCanada.
650 0|aBiotechnology|xGovernment policy|zCanada.
7102 |aPolicy Horizons Canada, |eissuing body.
77508|tLa convergence bionumérique : |w(CaOODSP)9.937055
85640|qPDF|s2.25 MB|uhttps://publications.gc.ca/collections/collection_2025/hpc-phc/PH4-203-2024-eng.pdf
8564 |qHTML|sN/A|uhttps://horizons.service.canada.ca/en/2024/12/24/biodigit-convergence-implication/index.shtml